[Event "Punta del Este Alekhiine op 1st"]
[Site "Punta del Este"]
[Date "2024.03.08"]
[Round "1"]
[White "Ruiz, Ulises"]
[Black "Muzzi, Eduardo"]
[Result "0-1"]
[WhiteElo "1654"]
[BlackElo "1936"]
[PlyCount "42"]
[EventDate "2024.03.08"]
[EventType "swiss"]
[EventRounds "5"]
[EventCountry "URU"]
[SourceTitle "CB13_2024"]
[SourceDate "2024.03.27"]
[SourceVersion "1"]
[SourceVersionDate "2024.03.27"]
[SourceQuality "1"]

1. d4 f5 2. Nf3 g6 3. c4 Nf6 4. Nc3 Bg7 5. e3 d6 6. g3 0-0 7. Bg2 Qe8 8. 0-0 c6 9. Qc2 e5 10. dxe5 dxe5 11. b3 e4 12. Nd4 Qf7 13. Bb2 Nbd7 14. a3 Ne5 15. Rad1 g5 16. Qe2 a6 17. f4 gxf4 18. exf4 Nd3 19. Ba1 Qc7 20. Nc2 Qb6+ 21. Ne3 Ng4 0-1

[Event "Florianopolis op 9th"]
[Site "Florianopolis"]
[Date "2023.01.27"]
[Round "7"]
[White "Muzzi, Eduardo"]
[Black "Silverio, Vitor Luis de Jesus"]
[Result "1-0"]
[WhiteElo "1917"]
[BlackElo "1682"]
[PlyCount "59"]
[EventDate "2023.01.23"]
[EventType "swiss"]
[EventRounds "10"]
[EventCountry "BRA"]
[SourceTitle "CBM 212 Extra"]
[Source "ChessBase"]
[SourceDate "2023.03.31"]
[SourceVersion "1"]
[SourceVersionDate "2023.03.31"]
[SourceQuality "1"]

1. e4 c5 2. Nf3 d6 3. d4 cxd4 4. Qxd4 Nc6 5. Bb5 Bd7 6. Bxc6 Bxc6 7. Nc3 Nf6 8. Bg5 h6 9. Bh4 g5 10. Bg3 Bg7 11. Qd3 Qa5 12. 0-0 0-0 13. Nd4 Bd7 14. Rfe1 Ng4 15. Nd5 Rfe8 16. c3 e6 17. Nb3 Qd8 18. Ne3 Nxe3 19. Rxe3 d5 20. exd5 exd5 21. Rae1 Rxe3 22. Qxe3 Qb6 23. Qxb6 axb6 24. a3 Be6 25. Be5 Bxe5 26. Rxe5 Kg7 27. Nd4 Kf6 28. Re3 Rc8 29. Rf3+ Ke7 30. Rg3 1-0

[Event "Florianopolis op 9th"]
[Site "Florianopolis"]
[Date "2023.01.23"]
[Round "1"]
[White "Lima, Yuri Ramos Santos"]
[Black "Muzzi, Eduardo"]
[Result "0-1"]
[WhiteElo "1284"]
[BlackElo "1917"]
[PlyCount "120"]
[EventDate "2023.01.23"]
[EventType "swiss"]
[EventRounds "10"]
[EventCountry "BRA"]
[SourceTitle "CBM 212 Extra"]
[Source "ChessBase"]
[SourceDate "2023.03.31"]
[SourceVersion "1"]
[SourceVersionDate "2023.03.31"]
[SourceQuality "1"]

1. d4 Nf6 2. c4 c5 3. d5 b5 4. cxb5 a6 5. Nc3 g6 6. Nf3 d6 7. e4 Nbd7 8. bxa6 Bxa6 9. Bxa6 Rxa6 10. 0-0 Bg7 11. Qe2 Ra8 12. Re1 0-0 13. Bg5 Qb6 14. Qd2 Rfb8 15. Rab1 Qc7 16. Qe2 Nb6 17. b3 Qd7 18. Qd2 Ng4 19. h3 Ne5 20. Nxe5 Bxe5 21. Ne2 Qa7 22. f4 Bg7 23. Nc3 Qa5 24. Rbc1 Bd4+ 25. Kh1 f6 26. Bh4 Nd7 27. Qd3 Bxc3 28. Rxc3 Qxa2 29. Re2 Qa6 30. Qc2 Rb4 31. Be1 Rab8 32. Rce3 R4b5 33. Rf2 Qb7 34. Rff3 Ra8 35. Kh2 Rc8 36. Rc3 Rb8 37. Qd3 Ra8 38. Rc2 Ra3 39. Rb2 Qa6 40. Qc2 Rb8 41. Rb1 Ra2 42. Rb2 Rxb2 43. Qxb2 Qb5 44. Qc2 Ra8 45. Bc3 c4 46. Bd4 Rc8 47. Rc3 Rb8 48. bxc4 Qb4 49. c5 Qxd4 50. c6 Nc5 51. Rc4 Qe3 52. g3 Rb3 53. Qg2 Rb8 54. Qc2 Qa3 55. Rc3 Qa7 56. Rc4 Qc7 57. Rc3 Rb4 58. Rc4 Rb5 59. Rc3 Qb6 60. h4 Rb2 0-1

[Event "Titled Tuesday intern op 01st Mar Early"]
[Site "Chess.com INT"]
[Date "2022.03.01"]
[Round "3"]
[White "Muzzi, Eduardo"]
[Black "Kanyamarala, Tarun"]
[Result "0-1"]
[WhiteElo "1946"]
[BlackElo "2343"]
[PlyCount "44"]
[EventDate "2022.03.01"]
[EventType "swiss (blitz)"]
[EventRounds "11"]
[EventCountry "USA"]
[SourceTitle "CBM 207 Extra"]
[Source "ChessBase"]
[SourceDate "2022.05.31"]
[SourceVersion "1"]
[SourceVersionDate "2022.05.31"]
[SourceQuality "1"]

1. d4 f5 2. Nf3 Nf6 3. Bg5 e6 4. Nbd2 Be7 5. Bxf6 Bxf6 6. e4 0-0 7. exf5 exf5 8. Bd3 d6 9. 0-0 Nc6 10. c3 Ne7 11. Re1 Ng6 12. Qc2 Qd7 13. Nf1 Nf4 14. Bc4+ d5 15. Bb3 c6 16. Ne5 Qd6 17. Ng3 Ng6 18. Nxf5 Bxf5 19. Qxf5 Bh4 20. Qd7 Bxf2+ 21. Kh1 Bxe1 22. Qxd6 Rf1# 0-1

[Event "Montevideo Duchamp Cup 5th"]
[Site "Montevideo"]
[Date "2022.02.13"]
[Round "2"]
[White "Bon, Charles"]
[Black "Muzzi, Eduardo"]
[Result "0-1"]
[WhiteElo "1562"]
[BlackElo "1946"]
[PlyCount "82"]
[EventDate "2022.02.12"]
[EventType "swiss"]
[EventRounds "9"]
[EventCountry "URU"]
[SourceTitle "CBM 206 Extra"]
[Source "ChessBase"]
[SourceDate "2022.03.31"]
[SourceVersion "1"]
[SourceVersionDate "2022.03.31"]
[SourceQuality "1"]

1. e4 e6 2. d3 d5 3. Nd2 Nf6 4. Ngf3 c5 5. g3 Be7 6. Bg2 0-0 7. 0-0 Nc6 8. e5 Nd7 9. Re1 Qc7 10. Qe2 b5 11. Nf1 a5 12. a3 Ba6 13. h4 b4 14. axb4 cxb4 15. Bf4 b3 16. Ne3 Nb4 17. c4 dxc4 18. Nxc4 Bxc4 19. dxc4 Nc2 20. Nd2 Nxa1 21. Rxa1 Rab8 22. Ne4 Rfd8 23. Qh5 Qxc4 24. Bg5 g6 25. Qf3 Bxg5 26. Nxg5 Nxe5 27. Qf6 Qc7 28. h5 Ng4 29. Qf3 Nh6 30. hxg6 hxg6 31. Ra4 Qd7 32. Rh4 Qd1+ 33. Kh2 Qxf3 34. Nxf3 Kg7 35. Ra4 Rb4 36. Rxa5 Ng4+ 37. Kg1 Rd1+ 38. Bf1 Rc4 39. Kg2 Rc2 40. Ba6 Rxf2+ 41. Kh3 f5 0-1

[Event "Titled Tuesday intern op 11th Jan"]
[Site "Chess.com INT"]
[Date "2022.01.11"]
[Round "1"]
[White "Muzzi, Eduardo"]
[Black "Khripachenko, Alexander"]
[Result "0-1"]
[WhiteElo "1946"]
[BlackElo "2288"]
[PlyCount "112"]
[EventDate "2022.01.11"]
[EventType "swiss (blitz)"]
[EventRounds "11"]
[EventCountry "USA"]
[SourceTitle "CBM 206 Extra"]
[Source "ChessBase"]
[SourceDate "2022.03.31"]
[SourceVersion "1"]
[SourceVersionDate "2022.03.31"]
[SourceQuality "1"]

1. e4 c5 2. Nf3 Nf6 3. Nc3 Nc6 4. d4 d5 5. exd5 Nxd5 6. Nxd5 Qxd5 7. c4 Qe4+ 8. Be2 cxd4 9. 0-0 e6 10. Re1 Be7 11. Bd3 Qg4 12. h3 Qh5 13. Bf4 0-0 14. a3 f6 15. h4 e5 16. Bg3 Bg4 17. Be4 Rad8 18. b4 d3 19. Bd5+ Kh8 20. Qxd3 Bxf3 21. Qxf3 Qxf3 22. Bxf3 Nd4 23. Bd5 Nc2 24. Bxb7 Nxe1 25. Rxe1 a5 26. c5 axb4 27. axb4 Rb8 28. c6 Bxb4 29. Rd1 h6 30. f4 Rfe8 31. fxe5 fxe5 32. Bxe5 Rxe5 33. c7 Rf8 34. c8Q Rxc8 35. Bxc8 Be7 36. g3 Re3 37. Kg2 Bf6 38. Bf5 Re5 39. g4 Kg8 40. h5 Kf8 41. Rd7 Re3 42. Kf2 Ra3 43. Rb7 Ke8 44. Rc7 Bh4+ 45. Ke2 Bf6 46. Bg6+ Kd8 47. Rb7 Rg3 48. Bf5 Rc3 49. Rb8+ Kc7 50. Re8 Kd6 51. Re3 Rc7 52. Rd3+ Ke5 53. Re3+ Kf4 54. Rf3+ Kg5 55. Rd3 Ra7 56. Rd5 Kf4 0-1

[Event "Titled Tuesday intern op 04th Jan"]
[Site "Chess.com INT"]
[Date "2022.01.04"]
[Round "3"]
[White "Bodi, Tibor"]
[Black "Muzzi, Eduardo"]
[Result "1-0"]
[WhiteElo "2324"]
[BlackElo "1946"]
[PlyCount "55"]
[EventDate "2022.01.04"]
[EventType "swiss (blitz)"]
[EventRounds "11"]
[EventCountry "USA"]
[SourceTitle "EXT 2023"]
[Source "ChessBase"]
[SourceDate "2022.10.05"]
[SourceVersion "1"]
[SourceVersionDate "2022.10.05"]
[SourceQuality "1"]

1. Nc3 Nf6 2. e4 e6 3. e5 Nd5 4. Nf3 Nxc3 5. dxc3 g6 6. h4 d5 7. h5 Bg7 8. Bg5 Qd7 9. h6 Bf8 10. Bf6 Rg8 11. c4 Be7 12. Bxe7 Qxe7 13. cxd5 exd5 14. Qxd5 Nc6 15. Bb5 Bd7 16. 0-0-0 0-0-0 17. Qe4 Bf5 18. Qa4 Qc5 19. Bxc6 Qxc6 20. Qxc6 bxc6 21. Ng5 Be6 22. Nxh7 Rh8 23. Nf6 Rxd1+ 24. Kxd1 Kd8 25. g4 Ke7 26. g5 Bf5 27. h7 Ke6 28. f4 1-0

[Event "Titled Tuesday intern op 04th Jan"]
[Site "Chess.com INT"]
[Date "2022.01.04"]
[Round "7"]
[White "Muzzi, Eduardo"]
[Black "Cramling Bellon, Anna"]
[Result "0-1"]
[WhiteElo "1946"]
[BlackElo "2057"]
[PlyCount "126"]
[EventDate "2022.01.04"]
[EventType "swiss (blitz)"]
[EventRounds "11"]
[EventCountry "USA"]
[SourceTitle "EXT 2023"]
[Source "ChessBase"]
[SourceDate "2022.10.05"]
[SourceVersion "1"]
[SourceVersionDate "2022.10.05"]
[SourceQuality "1"]

1. e4 c5 2. Nc3 Nc6 3. Bc4 e6 4. f4 d6 5. Nf3 Nf6 6. d3 Be7 7. 0-0 0-0 8. Qe1 d5 9. Bb3 Nd4 10. e5 Nd7 11. Nxd4 cxd4 12. Ne2 Qb6 13. Qg3 a5 14. a4 Nc5 15. f5 exf5 16. Bh6 Qxh6 17. Bxd5 Qe3+ 18. Qxe3 dxe3 19. d4 Ne4 20. Bxe4 fxe4 21. Ng3 f5 22. exf6 Bxf6 23. c3 Re8 24. Rfe1 Bg5 25. d5 Bd7 26. c4 Rac8 27. b3 Bf6 28. Rad1 Bg4 29. Rc1 e2 30. h3 Bd4+ 31. Kh2 Bf3 32. gxf3 exf3 33. Nxe2 fxe2 34. Rc2 Re3 35. Rcxe2 Rxb3 36. Re8+ Rxe8 37. Rxe8+ Kf7 38. Rc8 Rc3 39. Rc7+ Kf6 40. d6 Be5+ 41. Kg2 Bxd6 42. Rxb7 Rxc4 43. Rb5 Rxa4 44. Rb6 Ke5 45. Kf3 Ra3+ 46. Kg4 g6 47. Rb5+ Kd4 48. Rb6 Rg3+ 49. Kh4 g5+ 50. Kh5 Bf4 51. h4 Rh3 52. Kg4 Rxh4+ 53. Kf5 Kc4 54. Ra6 Kb4 55. Rc6 a4 56. Rb6+ Kc3 57. Ra6 Kb3 58. Rb6+ Ka3 59. Rb7 Rh3 60. Ke4 Rb3 61. Rc7 Kb2 62. Rc4 a3 63. Ra4 a2 0-1

[Event "Titled Tuesday intern op 04th Jan"]
[Site "Chess.com INT"]
[Date "2022.01.04"]
[Round "4"]
[White "Muzzi, Eduardo"]
[Black "Paiva, Henrique MA Alberg"]
[Result "0-1"]
[WhiteElo "1946"]
[BlackElo "2064"]
[PlyCount "78"]
[EventDate "2022.01.04"]
[EventType "swiss (blitz)"]
[EventRounds "11"]
[EventCountry "USA"]
[SourceTitle "EXT 2023"]
[Source "ChessBase"]
[SourceDate "2022.10.05"]
[SourceVersion "1"]
[SourceVersionDate "2022.10.05"]
[SourceQuality "1"]

1. e4 c5 2. Nc3 b6 3. Bc4 e6 4. f4 Bb7 5. Nf3 a6 6. d4 cxd4 7. Nxd4 Qc7 8. Bd3 Nf6 9. 0-0 Bc5 10. Be3 Nc6 11. Nce2 Nxd4 12. Bxd4 Nxe4 13. c3 f5 14. Kh1 Bxd4 15. Bxe4 Bxe4 16. Qxd4 0-0 17. Rad1 Qc6 18. Rf2 Rad8 19. Ng3 b5 20. Nxe4 fxe4 21. Qd6 Qc4 22. Re1 h6 23. a3 Rf5 24. Qe7 Rdf8 25. g3 Qc6 26. Rfe2 d5 27. Kg1 R8f7 28. Qd8+ Kh7 29. Qh4 e5 30. fxe5 Rxe5 31. Re3 Ref5 32. Qg4 Qc5 33. Qe2 Rf3 34. Kg2 Rf2+ 35. Qxf2 Rxf2+ 36. Kxf2 a5 37. h3 b4 38. cxb4 axb4 39. a4 b3 0-1

[Event "Titled Tuesday intern op 23rd Nov"]
[Site "Chess.com INT"]
[Date "2021.11.23"]
[Round "2"]
[White "Muzzi, Eduardo"]
[Black "Dolzhikova, Kateryna"]
[Result "0-1"]
[WhiteElo "1943"]
[BlackElo "2161"]
[PlyCount "78"]
[EventDate "2021.11.23"]
[EventType "swiss (blitz)"]
[EventRounds "11"]
[EventCountry "USA"]
[SourceTitle "CBM 205 Extra"]
[Source "ChessBase"]
[SourceDate "2022.01.31"]
[SourceVersion "1"]
[SourceVersionDate "2022.01.31"]
[SourceQuality "1"]

1. e4 c5 2. Nc3 Nc6 3. Bc4 g6 4. f4 Bg7 5. Nf3 e6 6. 0-0 Nge7 7. Qe1 Nd4 8. Nxd4 cxd4 9. Ne2 0-0 10. d3 d5 11. exd5 Nxd5 12. Ng3 b6 13. Ne4 Bb7 14. Qg3 Ne3 15. Bxe3 dxe3 16. Kh1 Bxb2 17. Rae1 Bd4 18. c3 Bxe4 19. cxd4 Bb7 20. Qxe3 Qd6 21. Qe5 Rad8 22. Qg5 Qc6 23. f5 exf5 24. Rxf5 Qxg2+ 25. Qxg2 Bxg2+ 26. Kxg2 gxf5 27. d5 b5 28. Bb3 a5 29. a4 bxa4 30. Bc4 Rb8 31. Ra1 Rb4 32. Kf3 Kg7 33. Kf4 Kf6 34. Re1 Rd8 35. Re5 a3 36. Rxf5+ Kg7 37. d6 Rxd6 38. Rxa5 Rxd3 39. Ke4 Rc3 0-1

[Event "URU-chT Clubs"]
[Site "Punta del Este"]
[Date "2021.10.31"]
[Round "4.2"]
[White "Dominguez, Facundo"]
[Black "Muzzi, Eduardo"]
[Result "1-0"]
[WhiteElo "2164"]
[BlackElo "1917"]
[PlyCount "93"]
[EventDate "2021.10.29"]
[EventType "team-swiss"]
[EventRounds "5"]
[EventCountry "URU"]
[SourceTitle "CBM 205 Extra"]
[Source "ChessBase"]
[SourceDate "2022.01.31"]
[SourceVersion "1"]
[SourceVersionDate "2022.01.31"]
[SourceQuality "1"]
[WhiteTeam "Montevideo Piratas del Tablero"]
[BlackTeam "Maldonado"]
[WhiteTeamCountry "URU"]
[BlackTeamCountry "URU"]

1. e4 e6 2. d4 d5 3. Nd2 Nf6 4. e5 Nfd7 5. Bd3 c5 6. c3 Nc6 7. Ne2 cxd4 8. cxd4 f6 9. exf6 Nxf6 10. 0-0 Bd6 11. Nf3 Qc7 12. Bg5 0-0 13. Bh4 Nh5 14. Qc2 h6 15. Bh7+ Kh8 16. Bg6 Nf4 17. Nxf4 Bxf4 18. Rfe1 Bd7 19. Bg3 Bxg3 20. hxg3 Rac8 21. Rac1 Qa5 22. Qb3 Qb4 23. Qxb4 Nxb4 24. Ne5 Rxc1 25. Rxc1 Rc8 26. Rc3 Rxc3 27. bxc3 Nxa2 28. Nxd7 Nxc3 29. Nc5 b5 30. Nb3 Kg8 31. Kf1 Kf8 32. Ke1 Ke7 33. Kd2 b4 34. Kc2 Kd6 35. Bd3 g5 36. Nc5 e5 37. Na6 e4 38. Bf1 e3 39. fxe3 Ne4 40. g4 b3+ 41. Kb2 Kc6 42. Bd3 Nf2 43. Be2 Kd6 44. Kxb3 Ne4 45. Nb4 a5 46. Nxd5 Nd2+ 47. Kc2 1-0

[Event "Titled Tuesday intern op 20th July"]
[Site "Chess.com INT"]
[Date "2021.07.20"]
[Round "4"]
[White "Carrasco Miranda, Andres"]
[Black "Muzzi, Eduardo"]
[Result "0-1"]
[WhiteElo "2285"]
[BlackElo "1938"]
[PlyCount "52"]
[EventDate "2021.07.20"]
[EventType "swiss (blitz)"]
[EventRounds "11"]
[EventCountry "USA"]
[SourceTitle "CBM 203 Extra"]
[Source "ChessBase"]
[SourceDate "2021.09.30"]
[SourceVersion "1"]
[SourceVersionDate "2021.09.30"]
[SourceQuality "1"]

1. d4 Nf6 2. c4 c5 3. d5 b5 4. cxb5 a6 5. bxa6 Bxa6 6. Nc3 d6 7. g3 g6 8. Bg2 Bg7 9. Nf3 0-0 10. 0-0 Nbd7 11. Rb1 Qa5 12. Bd2 Rfb8 13. b3 Ng4 14. Qc2 Nge5 15. Nxe5 Nxe5 16. h3 c4 17. f4 cxb3 18. axb3 Nd7 19. Kh2 Rc8 20. Rfc1 Bxe2 21. b4 Qa6 22. Qe4 Bd3 23. Qxe7 Bxb1 24. Qxd7 Bf5 25. Qe7 Qd3 26. Be1 Bxc3 0-1

[Event "Titled Tuesday intern op 20th July"]
[Site "Chess.com INT"]
[Date "2021.07.20"]
[Round "6"]
[White "Muzzi, Eduardo"]
[Black "Chabris, Christopher"]
[Result "0-1"]
[WhiteElo "1938"]
[BlackElo "2125"]
[PlyCount "60"]
[EventDate "2021.07.20"]
[EventType "swiss (blitz)"]
[EventRounds "11"]
[EventCountry "USA"]
[SourceTitle "CBM 203 Extra"]
[Source "ChessBase"]
[SourceDate "2021.09.30"]
[SourceVersion "1"]
[SourceVersionDate "2021.09.30"]
[SourceQuality "1"]

1. e4 c5 2. Nf3 d6 3. d4 cxd4 4. Qxd4 Nc6 5. Bb5 a6 6. Bxc6+ bxc6 7. Nc3 e5 8. Qd3 Qc7 9. Bg5 h6 10. Bh4 Be6 11. 0-0 Be7 12. Bxe7 Nxe7 13. Rfe1 0-0 14. Rad1 Rfd8 15. a3 a5 16. Nd2 Ng6 17. g3 d5 18. exd5 cxd5 19. Qe2 d4 20. Nce4 Qxc2 21. Rc1 Qxb2 22. Rc7 Qxa3 23. Rec1 Rac8 24. Qh5 Qxc1+ 25. Rxc1 Rxc1+ 26. Kg2 Bd5 27. Qe2 f5 28. Qh5 fxe4 29. Qxg6 e3+ 30. Nf3 Rf8 0-1

[Event "Titled Tuesday intern op 20th July"]
[Site "Chess.com INT"]
[Date "2021.07.20"]
[Round "1"]
[White "Muzzi, Eduardo"]
[Black "Urquhart, Eddie"]
[Result "0-1"]
[WhiteElo "1938"]
[BlackElo "2209"]
[PlyCount "44"]
[EventDate "2021.07.20"]
[EventType "swiss (blitz)"]
[EventRounds "11"]
[EventCountry "USA"]
[SourceTitle "CBM 203 Extra"]
[Source "ChessBase"]
[SourceDate "2021.09.30"]
[SourceVersion "1"]
[SourceVersionDate "2021.09.30"]
[SourceQuality "1"]

1. e4 c5 2. Nc3 e6 3. f4 Nc6 4. Bc4 Nge7 5. Nf3 g6 6. 0-0 Bg7 7. Qe1 Nd4 8. Nxd4 cxd4 9. Ne2 0-0 10. d3 d5 11. exd5 Nxd5 12. Ng3 a6 13. a4 Rb8 14. Ne4 b5 15. axb5 axb5 16. Bb3 Bb7 17. Bd2 Qc7 18. Qg3 Ne3 19. Bxe3 dxe3 20. Qxe3 Bxb2 21. Ra7 Qd8 22. Qg3 Bxe4 0-1

[Event "Titled Tuesday intern op 06th July"]
[Site "Chess.com INT"]
[Date "2021.07.06"]
[Round "1"]
[White "Deviprasath, Sharvesh"]
[Black "Muzzi, Eduardo"]
[Result "1-0"]
[WhiteElo "2243"]
[BlackElo "1938"]
[PlyCount "81"]
[EventDate "2021.07.06"]
[EventType "swiss (blitz)"]
[EventRounds "11"]
[EventCountry "USA"]
[SourceTitle "EXT 2022"]
[Source "ChessBase"]
[SourceDate "2021.10.06"]
[SourceVersion "1"]
[SourceVersionDate "2021.10.06"]
[SourceQuality "1"]

1. Nf3 Nf6 2. c4 c5 3. Nc3 g6 4. e3 Bg7 5. d4 cxd4 6. exd4 d6 7. Be2 0-0 8. h3 b6 9. Be3 Bb7 10. 0-0 Nbd7 11. Rc1 Re8 12. Qd2 e5 13. dxe5 dxe5 14. Rfd1 Qe7 15. Bg5 Rac8 16. Qd6 Nc5 17. b4 Qxd6 18. Rxd6 Nce4 19. Nxe4 Nxe4 20. Rd7 Bc6 21. Rxa7 h6 22. Be3 Rb8 23. Rc7 Ba4 24. Ne1 f5 25. Bf3 Ng5 26. Bd5+ Kh8 27. Bxg5 hxg5 28. Nf3 Bf6 29. b5 e4 30. Nd2 Rbd8 31. Rc6 Bxb5 32. cxb5 Rxd5 33. Rxf6 Rxd2 34. Rxb6 f4 35. Rxg6 e3 36. fxe3 fxe3 37. Re1 e2 38. Rxg5 Rd1 39. Kf2 Rf8+ 40. Kxe2 Re8+ 41. Kxd1 1-0

[Event "Titled Tuesday intern op 06th July"]
[Site "Chess.com INT"]
[Date "2021.07.06"]
[Round "6"]
[White "Wilson, Elvin"]
[Black "Muzzi, Eduardo"]
[Result "0-1"]
[WhiteElo "2183"]
[BlackElo "1938"]
[PlyCount "96"]
[EventDate "2021.07.06"]
[EventType "swiss (blitz)"]
[EventRounds "11"]
[EventCountry "USA"]
[SourceTitle "EXT 2022"]
[Source "ChessBase"]
[SourceDate "2021.10.06"]
[SourceVersion "1"]
[SourceVersionDate "2021.10.06"]
[SourceQuality "1"]

1. c4 c5 2. g3 g6 3. Bg2 Bg7 4. Nc3 Nf6 5. e4 Nc6 6. Nge2 0-0 7. 0-0 e6 8. d3 Nd4 9. Be3 e5 10. Rb1 d6 11. a3 a5 12. Nd5 Nxd5 13. cxd5 f5 14. f4 fxe4 15. Bxd4 exd3 16. Bc3 dxe2 17. Qxe2 Bf5 18. Rbe1 exf4 19. Bxg7 Kxg7 20. Rxf4 Re8 21. Qf2 Rxe1+ 22. Qxe1 Qe8 23. Qf2 Qe7 24. g4 Bd7 25. Re4 Qf7 26. Qe1 Re8 27. Qxa5 Rxe4 28. Bxe4 Bxg4 29. h3 Be2 30. Qe1 Bh5 31. b4 cxb4 32. Qxb4 Bf3 33. Bxf3 Qxf3 34. Qxb7+ Kh6 35. Qe7 Qg3+ 36. Kf1 Qxh3+ 37. Ke2 Qxa3 38. Qh4+ Kg7 39. Qe7+ Kh6 40. Qh4+ Kg7 41. Qe7+ Kg8 42. Qd8+ Kf7 43. Qc7+ Kf6 44. Qd8+ Ke5 45. Qh8+ Kxd5 46. Qxh7 Qb2+ 47. Kf3 Qf6+ 48. Ke2 g5 0-1

[Event "Titled Tuesday intern op 15th June"]
[Site "Chess.com INT"]
[Date "2021.06.15"]
[Round "6"]
[White "Amgalantengis, Enkh Amgalan"]
[Black "Muzzi, Eduardo"]
[Result "0-1"]
[WhiteElo "1878"]
[BlackElo "1938"]
[PlyCount "69"]
[EventDate "2021.06.15"]
[EventType "swiss (blitz)"]
[EventRounds "11"]
[EventCountry "USA"]
[SourceTitle "CBM 203 Extra"]
[Source "ChessBase"]
[SourceDate "2021.09.30"]
[SourceVersion "1"]
[SourceVersionDate "2021.09.30"]
[SourceQuality "1"]

1. d4 Nf6 2. c4 c5 3. d5 b5 4. cxb5 a6 5. bxa6 Bxa6 6. Nc3 d6 7. e4 Bxf1 8. Kxf1 Nbd7 9. Nf3 g6 10. g3 Bg7 11. Kg2 0-0 12. Qe2 Qb6 13. Be3 Ra6 14. a4 Ng4 15. Bg5 e6 16. dxe6 fxe6 17. h3 Nge5 18. Nxe5 Nxe5 19. Nb5 c4 20. Be7 Rf7 21. Bxd6 Nd3 22. Rhf1 Bxb2 23. Rab1 Bd4 24. f4 Rxa4 25. Nc3 Qxd6 26. Nxa4 Ra7 27. Qc2 Qc6 28. Nc3 Bxc3 29. Qxc3 Qxe4+ 30. Kg1 Qe3+ 31. Kh1 Nf2+ 32. Rxf2 Qxc3 33. Re2 Qd3 34. Rbe1 Qxg3 35. Re3 0-1

[Event "Titled Tuesday intern op 15th June"]
[Site "Chess.com INT"]
[Date "2021.06.15"]
[Round "8"]
[White "Rottenwohrer Suarez, Juan"]
[Black "Muzzi, Eduardo"]
[Result "1-0"]
[WhiteElo "2189"]
[BlackElo "1938"]
[PlyCount "29"]
[EventDate "2021.06.15"]
[EventType "swiss (blitz)"]
[EventRounds "11"]
[EventCountry "USA"]
[SourceTitle "CBM 203 Extra"]
[Source "ChessBase"]
[SourceDate "2021.09.30"]
[SourceVersion "1"]
[SourceVersionDate "2021.09.30"]
[SourceQuality "1"]

1. d4 e6 2. c4 f5 3. Nf3 Bb4+ 4. Bd2 Bxd2+ 5. Qxd2 Nf6 6. Nc3 b6 7. d5 0-0 8. g3 Bb7 9. Bg2 exd5 10. cxd5 d6 11. 0-0 Nbd7 12. Nd4 Nc5 13. Nxf5 Nxd5 14. Bxd5+ Bxd5 15. Qxd5+ 1-0